| 000 | 01322cab a2200229 4500 | ||
|---|---|---|---|
| 001 | ABS59320 | ||
| 008 | 090401t1998 xxu||||| |||| 00| 0 eng d | ||
| 035 | _a(Sirsi) u88539 | ||
| 041 | _aeng | ||
| 245 | _aDolgellau Golf Club v Hett | ||
| 260 | _c1998 | ||
| 350 | _a0 | ||
| 490 |
_aEstates Gazette _v[1998] 34 EG 87-91(5) |
||
| 520 | _a"Dolgellau Golf Club v Hett" CA 3 April 1998. The appellant held a tenancy of land on which it operated a golf club. Prior to the expiration of the term of the tenancy, they served a request on the landlord seeking a new tenancy under Landlord and Tenant Act 1954 s26. The landlord served a counternotice opposing the new tenancy on the grounds provided by s30 of the Act. At the county court hearing the landlord relied on s30(9) of the Act, that he intended to occupy the premises for the purpose of establishing a proprietary golf club. Held; the appeal was dismissed. Whether the landlord established his intention to occupy the land for the purpose of running a golf club was the issue not whether the scheme was practical. | ||
| 650 | _aDOLGELLAU GOLF CLUB V HETT | ||
| 650 | _aGOLF COURSE | ||
| 650 | _aLANDLORD AND TENANT ACT 1954 | ||
| 650 | _aREPOSSESSION | ||
| 690 | _aLANDLORD AND TENANT-CASE LAW-BUSINESS TENANCIES | ||
| 942 | _n0 | ||
| 948 | _c17/09/1998 | ||
| 999 |
_c55952 _d55952 |
||